Countries With Nuclear Weapons - Statistics

General Stats
  • This quiz has been taken 14 times
  • The average score is 8 of 9
Answer Stats
# of Nuclear Weapons Answer % Correct
600 China
100%
290 France
100%
90 Israel
100%
4,309 Russia
100%
225 United Kingdom
100%
3,700 United States
100%
50 North Korea
90%
180 India
80%
170 Pakistan
70%
No matching quizzes found
Score Distribution
Percent of People with Each Score
Percentile by Number Answered
Your Score History
You have not taken this quiz